000 00805cam a22002051 4500
001 9076
003 BD-RjUL
005 20220207104138.0
008 181113s2018 bg a|||| |||| 00| 0 ben d
035 _a(BD-RjUL) 9121
040 _aDLC/ICU
_cICU
_dDLC
_d(BD-RjUL)
_beng
041 _aben
082 _a306.4495492
_bPRO 2018
_223
245 _aপ্রতিবাদের ভাষা /
_cসম্পাদক ; ভূঁইয়া ইকবাল
260 _aচট্টগ্রাম ঃ
_aবিশ্ববিদ্যালয় ,
_c২০১৮
300 _a৮০ পৃ. :
_bচিত্র ;
_c২২ সেমি
650 _aভাষা আন্দোলন
_zবাংলাদেশ
_y১৯৫২
_9224872
650 _aLanguage Movement
_zBangladesh
_y1952
_91180
942 _2ddc
_cBK
999 _c9076
_d9076